| 000 | 00451cam a2200145 a 4500 | ||
|---|---|---|---|
| 020 | _a0072549076 (acidfree paper) | ||
| 050 | 0 | 0 |
_aQA276.12 _b.B59 2004 |
| 100 | 1 | _aBluman, Allan G. | |
| 245 | 1 | 0 |
_aElementary statistics : _ba step by step approach / _cAllan G. Bluman. |
| 250 | _a5th ed. | ||
| 260 |
_aBoston [USA] : _bMcGraw-Hill, _cc2004. |
||
| 300 | _axxv, 810 p. : | ||
| 856 | 4 | 1 | _uhttp://www.loc.gov/catdir/toc/fy038/2003044189.html |
| 942 |
_cGEN _2lcc |
||
| 999 |
_c2373 _d2373 |
||